Les 15 meilleurs joueurs de foot des années 1960's - Statistiques

Statistiques générales
  • Ce quiz a été pris 40 fois
  • Le résultat moyen est 8 sur 15
Statistiques - réponses
classement joueur poste nationalité % Correct
1 Pelé A brésilien
97%
3 Eusebio A portugais
94%
6 Best A nord irlandais
92%
2 Garrincha A brésilien
86%
4 Yachine G russe
83%
5 Charlton A anglais
81%
7 Moore D anglais
61%
12 Suarez A espagnol
42%
10 Banks G anglais
31%
8 Rivera A italien
28%
9 Law A écossais
22%
15 Riva A italien
22%
11 Facchetti D italien
14%
14 Mazzola A italien
11%
13 Seeler A allemand
6%
Aucun quiz correspondant
Distribution des résultats
% des personnes avec chaque résultat
Percentile par nombre de réponses
Votre historique - résultats
Vous n’avez pas pris ce quiz